000 01224nam a2200229Ia 4500
003 Ost
005 20260507075605.0
008 260507s9999||||xx |||||||||||||| ||und||
020 _a9789777332705
040 _cfsecg
041 _aara
082 _a658.8
100 _aحمدي، عبد القادر شوقي إسماعيل
_eمؤلف
245 0 _aالتسويق الأخضر /
_c عبد القادر شوقي إسماعيل حمدي
260 _aالإسكندرية:
_bدار التعليم الجامعي,
_c2019
300 _a222 صفحة؛
_bإيضاحات ؛
_c24 سم
504 _aالمراجع ص.203
520 _aتناول هذا الكتاب موضوع التسويق الأخضر حيث تحدث من خلال فصوله عن ماهية وفلسفة التسويق الأخضر وأثره على الأداء البيئي، وعن علاقته باستراتيجيات الإنتاج الأنظف ، كما تطرق الى دور تبني التسويق الأخضر لمقاربة المسؤولية الاجتماعية في خلق وتدعيم ريادة وتنافسية منظمات الأعمال
653 _aالتسويق
653 _aالتسويق الأخضر
942 _cكتاب
999 _c45038
_d45038